Sports Quiz

Random Sports or Alphabet Quiz

F1 Driver Alphabet (F) Quiz Stats

 Plays Quiz not verified by Sporcle

Score 0/33 Timer 10:00
0 Plays Today
Flag Driver % Correct
๐Ÿ‡ฆ๐Ÿ‡ทJuan Manuel Fangio
97.1%
๐Ÿ‡ฎ๐Ÿ‡นGiancarlo Fisichella
97.1%
๐Ÿ‡ฎ๐Ÿ‡นNino Farina
91.4%
๐Ÿ‡ง๐Ÿ‡ทEmerson Fittipaldi
88.6%
๐Ÿ‡ง๐Ÿ‡ทWilson Fittipaldi
88.6%
๐Ÿ‡ง๐Ÿ‡ทChristian Fittipaldi
88.6%
๐Ÿ‡ฉ๐Ÿ‡ชHeinz-Harald Frentzen
85.7%
๐Ÿ‡ฎ๐Ÿ‡ชRalph Firman
77.1%
๐Ÿ‡ฎ๐Ÿ‡นLuigi Fagioli
74.3%
๐Ÿ‡ฆ๐Ÿ‡นPatrick Friesacher
74.3%
๐Ÿ‡ฎ๐Ÿ‡นTeo Fabi
68.6%
๐Ÿ‡ฎ๐Ÿ‡นCorrado Fabi
68.6%
๐Ÿ‡ฆ๐Ÿ‡ทNorberto Fontana
65.7%
๐Ÿ‡ง๐Ÿ‡ชPaul Frere
40%
๐Ÿ‡จ๐Ÿ‡ญGregor Foitek
40%
๐Ÿ‡ฌ๐Ÿ‡งRon Flockhart
31.4%
๐Ÿ‡จ๐Ÿ‡ญRudi Fischer
28.6%
Flag Driver % Correct
๐Ÿ‡ฉ๐Ÿ‡ชLudwig Fischer
28.6%
๐Ÿ‡บ๐Ÿ‡ธGeorge Follmer
28.6%
๐Ÿ‡ซ๐Ÿ‡ทPascal Fabre
28.6%
๐Ÿ‡จ๐Ÿ‡ญFranco Forini
28.6%
๐Ÿ‡ฌ๐Ÿ‡งJack Fairman
25.7%
๐Ÿ‡บ๐Ÿ‡ธMike Fisher
22.9%
๐Ÿ‡ฎ๐Ÿ‡นGiorgio Francia
17.1%
๐Ÿ‡ณ๐Ÿ‡ฑJan Flinterman
14.3%
๐Ÿ‡ฟ๐Ÿ‡ฆWilliam Ferguson
14.3%
๐Ÿ‡ฌ๐Ÿ‡งJoe Fry
11.4%
๐Ÿ‡ฌ๐Ÿ‡ง Philip Fotheringham-Parker
11.4%
๐Ÿ‡บ๐Ÿ‡ธJohn Fitch
11.4%
๐Ÿ‡ฉ๐Ÿ‡ชTheo Fitzau
11.4%
๐Ÿ‡ฎ๐Ÿ‡นMaria de Filippis
11.4%
๐Ÿ‡ฎ๐Ÿ‡นCarlo Facetti
11.4%
๐Ÿ‡ฏ๐Ÿ‡ตHiroshi Fushida
11.4%

You're not logged in!

Compare scores with friends on all Sporcle quizzes.
OR
Log In

Sporcle TV

Today on Sporcle TV


Watch our educational content, quiz creation guides, and fun videos on Sporcle TV.

Show Comments

Extras

Top Quizzes Today


Score Distribution

Your Account Isn't Verified!

In order to create a playlist on Sporcle, you need to verify the email address you used during registration. Go to your Sporcle Settings to finish the process.

Report this User

Report this user for behavior that violates our Community Guidelines.

Details: